Townsville Knowledge 2 - Statistics

General Stats
  • This quiz has been taken 15 times
  • The average score is 5 of 15
Answer Stats
Question Answer % Correct
What is the most popular place for locals to trek on a fitness hike? Castle Hill
100%
What suburb do our army barracks members stair at on site whilst near there sporting ovals? Annandale
67%
Which neighbouring regional town is closest to Townsville? Ayr
67%
In which of the following suburbs would you not find a Domino's Heatley
67%
Which street is furthest from the city Riverway Drive
67%
Which fast food retailer is not in Townsville Crispy Creme
33%
Which of the following suburbs features the most commercial businesses Hermit Park
33%
The mater and general hospitals are located in which suburbs respectively? Pimlico, Douglas
33%
The radio stations near a lake are located in which suburb? West End
33%
Which suburb is closest to the Cowboys stadium (1995-2019) Bohle Plains
0%
Between which 3 suburbs would you find Gill Park Gulliver, Currajong, Pimlico
0%
You get in a taxi on Flinders Street East (nighclub district) and your instruction is to head straight until the intersection of Charters Towers Road and Boundary Street where you turn right for a couple of kilometres until turning left just before Castletown and then left again in 2 streets at your home, what main street do you live off and in what suburb? Kings Road, Hyde Park
0%
Which of the following is not a Townsville suburb spelt backwards ocimlip
0%
In what suburb do you frequent the Upper Ross Hotel? Rasmussen
0%
Which pub is located closest to Lindsay street Rosslea The Sun Hotel
0%
No matching quizzes found
Score Distribution
Percent of People with Each Score
Percentile by Number Answered
Your Score History
You have not taken this quiz